A guide to psychiatric services in schools : (Record no. 2411)

000 -LEADER
fixed length control field 01185cam a2200301 a 4500
001 - CONTROL NUMBER
control field 16962245
003 - CONTROL NUMBER IDENTIFIER
control field OSt
005 - DATE AND TIME OF LATEST TRANSACTION
control field 20180117085940.0
008 - FIXED-LENGTH DATA ELEMENTS--GENERAL INFORMATION
fixed length control field 110914s2012 nyu b 001 0 eng
010 ## - LIBRARY OF CONGRESS CONTROL NUMBER
LC control number 2011038062
020 ## - INTERNATIONAL STANDARD BOOK NUMBER
International Standard Book Number 9780415871013 (hardcover : alk. paper)
020 ## - INTERNATIONAL STANDARD BOOK NUMBER
International Standard Book Number 9780415871020 (pbk. : alk. paper)
040 ## - CATALOGING SOURCE
Original cataloging agency DLC
Transcribing agency DLC
Modifying agency DLC
042 ## - AUTHENTICATION CODE
Authentication code pcc
050 00 - LIBRARY OF CONGRESS CALL NUMBER
Classification number LB3430
Item number .B74 2012
082 00 - DEWEY DECIMAL CLASSIFICATION NUMBER
Classification number 371.7/13
Edition number 23
100 1# - MAIN ENTRY--PERSONAL NAME
Personal name Brent, Shawna S.
245 12 - TITLE STATEMENT
Title A guide to psychiatric services in schools :
Remainder of title understanding roles, treatment, and collaboration /
Statement of responsibility, etc. Shawna S. Brent.
260 ## - PUBLICATION, DISTRIBUTION, ETC.
Place of publication, distribution, etc. New York, NY :
Name of publisher, distributor, etc. Brunner-Routledge,
Date of publication, distribution, etc. c2012.
300 ## - PHYSICAL DESCRIPTION
Extent xvii, 298 p. ;
Dimensions 23 +
Accompanying material 1 CD-ROM (4 3/4in.)
504 ## - BIBLIOGRAPHY, ETC. NOTE
Bibliography, etc. note Includes bibliographical references (p. 263-274) and index.
650 #0 - SUBJECT ADDED ENTRY--TOPICAL TERM
Topical term or geographic name entry element Students
General subdivision Mental health services.
650 #0 - SUBJECT ADDED ENTRY--TOPICAL TERM
Topical term or geographic name entry element Child psychiatry.
906 ## - LOCAL DATA ELEMENT F, LDF (RLIN)
a 7
b cbc
c orignew
d 1
e ecip
f 20
g y-gencatlg
942 ## - ADDED ENTRY ELEMENTS (KOHA)
Source of classification or shelving scheme
Koha item type Book
Holdings
Withdrawn status Lost status Source of classification or shelving scheme Damaged status Not for loan Collection code Permanent Location Current Location Shelving location Date acquired Total Checkouts Full call number Barcode Date last seen Price effective from Koha item type
            Central Library (CL) Central Library (CL) General Stacks 06/26/2015   371.7/13 BRE S3H-S-2 06/26/2015 06/26/2015 Book
© 2023 Central Library, National University of Sciences and Technology. All Rights Reserved.